MDQL
is popping MORE tags! Check the
thread
!
Quizzes
Events
Quiz Creation
Community
Videos
Private Events
Remove Ads
Sign In
Join for FREE
Feedback
Dark Mode
Quiz Categories
Sports
Geography
Music
Movies
Television
Just For Fun
Miscellaneous
History
Literature
Language
Science
Gaming
Entertainment
Religion
Holiday
For Kids
Quiz Lab
Recent
Popular Today
Quiz Kudos Today
Editor Picks
Curator Picks
Quizzes by...
Day
Popularity
Type
Ratings
Length
Year
Community
Subscriptions
Recent Discussions
Orange Saloon
Badges
Playlists
Quests
Create
Leaderboards
Showdown
Live 5
Trivia Bingo
Activity
Puzzle Library
Sporcle Events
Private Events
Virtual Trivia
Globe League
Become a Host
Pub Owners
SporcleCon
Opinionation
Our Games
Videos
Blog
Mobile Apps
Partnerships
Remove Ads and Go Orange
Feedback
Gaming
Video Games
Board Games
Card Games
Pokémon
Mario
Nintendo
Minecraft
Console
Toys
Legend of Zelda
Gaming
Video Games
Board Games
Card Games
Pokémon
Mario
Nintendo
Minecraft
Console
Toys
Legend of Zelda
Random Quiz
Search Sporcle
×
Quiz Lab
Quiz Lab
Gaming
region
Type in answers that appear in a list
Type in answers that appear in a list
Classic
Best Score? Go Orange.
Morrowind Places Stats
Can you name the regions, towns and places in Vvardenfell?
By
Androo
8m
64 Questions
1,012 Plays
1,012 Plays
1,012 Plays
Comments
Comments
Give Quiz Kudos
Give Quiz Kudos
-
- Ratings
hide this ad
Replay
Link that replays current quiz
Next Quiz
Link to next quiz in quiz playlist
You Got
0%
They Got
Avg Score
51%
Avg Friend Score
Upgrade to see
Score Distribution
Jump to the score distribution portion of the page
Score
0/64
Timer
08:00
0
Plays Today
Type
Name
% Correct
Capital Cities
Vivec
96.3%
Capital Cities
Balmora
95.7%
Capital Cities
Ald'ruhn
87.7%
Vivec Cantons
Redoran
84.3%
Vivec Cantons
Hlaalu
82.1%
Vivec Cantons
Telvanni
81.5%
Capital Cities
Sadrith Mora
81.3%
Towns
Seyda Neen
80.2%
Vivec Cantons
Temple
78.8%
Towns
Gnisis
78.4%
The 7 Holy Grounds
Gnisis
78.4%
Capital Cities
Ebonheart
77.3%
Vivec Cantons
Foreign Quarter
74.9%
Vivec Cantons
Arena
74.7%
Regions
Ashlands
73.1%
Towns
Caldera
70.3%
Vivec Cantons
St. Olms
69.7%
Towns
Tel Vos
68.2%
Towns
Tel Mora
65.9%
Towns
Pelagiad
65.2%
Towns
Tel Branora
64.9%
Regions
Bitter Coast
64.5%
Regions
Red Mountain
63.4%
Towns
Vos
62.9%
Towns
Khuul
62.3%
Regions
Azura's Coast
61.7%
Towns
Hla Oad
61.6%
Towns
Suran
59.5%
Towns
Molag Mar
59%
Regions
Grazelands
58.6%
Towns
Dagon Fel
57.4%
Vivec Cantons
St. Delyn
57.1%
Type
Name
% Correct
Towns
Gnaar Mok
56.3%
Towns
Tel Fyr
54.9%
Regions
Sheogorad
54.2%
Towns
Tel Aruhn
51.8%
Regions
Molag Amur
49.1%
Regions
Ascadian Isles
48%
Vivec Cantons
Palace
48%
Regions
West Gash
47.1%
Towns
Maar Gan
45.7%
Towns
Ald Velothi
45.6%
The 7 Holy Grounds
Fields of Kummu
41.1%
Vivec Cantons
Ministry of Truth
36.7%
Imperial Forts
Moonmoth Legion
35.9%
Imperial Forts
Wolverine hall
33.3%
Imperial Forts
Buckmoth Legion
31.8%
Dunmer Strongholds
Kogoruhn
29.8%
The 7 Holy Grounds
Puzzle Canal
26.4%
The 7 Holy Grounds
Ghost Fence
26.3%
Imperial Forts
Fort Darius
24.1%
The 7 Holy Grounds
Koal Cave
23.6%
Dunmer Strongholds
Valenvaryon
18.3%
Dunmer Strongholds
Falasmaryon
17.7%
Dunmer Strongholds
Hlormaren
17.7%
Dunmer Strongholds
Marandus
16.8%
Dunmer Strongholds
Falensarano
14.7%
Dunmer Strongholds
Telasero
14.4%
Dunmer Strongholds
Berandas
13.8%
Dunmer Strongholds
Indoranyon
13.6%
The 7 Holy Grounds
Palace of Vivec
13.2%
The 7 Holy Grounds
Vivec Temple
12.7%
Dunmer Strongholds
Rotheran
12.7%
Dunmer Strongholds
Andasreth
12.1%
Quiz Playlist
Details
Report
Send in Message
Add To Playlist
Classic:
Type in answers that appear in a list
Last Updated: Feb 16, 2017
Quiz Scoreboard
CHALLENGE
Sign Up to Join the Scoreboard
Show All
Scores
Hide
Comments
May contain spoilers
Recently Published
Image Sorting: Flags VI
by Barbecue
Geography
2m
Find the 'City' Movie
by crazypaving
Movies
60s
Colored Red Africa Blitz
by spor1
Geography
45s
More to Explore
Quiz From the Vault
Featured Blog Post
14 Easter Pick-up Lines to Find Eggs With
hide this ad
You Might Also Like...
Tags
Morrowind
place
region
Town
Today's Top Quizzes in Gaming
Browse Gaming
hide this ad
Today's Top Quizzes in region
Browse region
Top Contributed Quizzes in Gaming
1
League of Legends Pro Players by Career/Team History
2
Destiny 2 exotic weapons by perk icons
3
Genshin murder mystery
4
Dead By Daylight Logic Puzzle
5
Genshin Impact Logic Puzzle
6
Overwatch Logic Puzzle
7
4x4 Decades: Video Games
8
Who's on the WWE 2K24 Cover?
9
Overwatch 2: Ultimate Ability Icons
10
Valorant Agent Developer Names (Up to Clove)
Explore More
Trending Topics
Crossword
Harry Potter
Kpop
Marvel
Disney
Anime
NBA
Soccer
NFL
WWE
Pokémon
The Office
Song
Puzzle
Country
hide this ad
More By:
Androo
Quiz
Plays
Rating
Category
Featured
Created
Tyne and Wear Metro Stations
2,880
4.90
Miscellaneous
Oct 3, 2009
Morrowind Races and Creatures
1,065
4.44
Gaming
Oct 3, 2009
Morrowind Places
1,012
4.60
Gaming
Oct 3, 2009
Rollercoaster Tycoon Rides
683
3.75
Gaming
Oct 3, 2009
Whiskies that start with Glen...
294
3.67
Miscellaneous
Nov 8, 2009
Go to Creator's Profile
Score Distribution
Quiz Creator Spotlight
Androo
Follow
Send a Message
Quizzes Created
-
Created Quiz Play Count
-
More By This Creator
Popular Quizzes Today
1
Colored Red Africa Blitz
2
Find the US States - No Outlines Minefield
3
Find the 'City' Movie
4
5x2 Blitz: Bands
5
The Countries of the World
6
Find the US States
7
Find the Countries of Europe - No Outlines Minefield
8
US States
More Gaming Quizzes
Pokémon with Symbols
Published
Trending Quizzes
Colored Red Europe Blitz I
Colored Red Europe Blitz II
Colored Red Africa Blitz II
Colored Red Europe Blitz III
Colored Red Africa Blitz III
Recently Updated
How Do You Spell That?
pecheneg
Godzilla Movies
pecheneg
Grab Bag: 4-10 Letters
pecheneg
2024 March Madness Bracket
pecheneg
Famous TV Couples
Peacemaker
Champions League XIs: Real Madrid
pecheneg
Largest US Cities 1790-2010
pecheneg
Rides in Walt Disney World
pecheneg
Most Oscar Losses (Acting)
pecheneg
Beyoncé Albums
pecheneg
Trending Topics
Marvel
Crossword
Anime
Kpop
Disney
Harry Potter
NBA
Song
Soccer
WWE
NFL
Puzzle
The Office
Pokémon
Country
Your Account Isn't Verified!
In order to create a playlist on Sporcle, you need to verify the email address you used during registration. Go to your
Sporcle Settings
to finish the process.
Report this User
Report this user for behavior that violates our
Community Guidelines
.
Details:
Send Report
Go to the Sporcle.com Mobile Site →
Comments